| 000 | 00615nam a2200229Ia 4500 | ||
|---|---|---|---|
| 003 | OSt | ||
| 005 | 20221007075953.0 | ||
| 006 | a|||||r|||| 00| 0 | ||
| 007 | ta | ||
| 008 | 221006b |||||||| |||| 00| 0 eng d | ||
| 024 | _a32,713 | ||
| 037 | _cTextual | ||
| 040 |
_aFLL _cFLL _beng |
||
| 041 |
_2eng _aeng |
||
| 082 | _aZ2,255, P9 | ||
| 100 | _aIyer Ramaswamy R. | ||
| 245 | 0 | _aWater and the laws in India | |
| 260 |
_aNew Delhi _bSAGE Publications India Pvt. Ltd India _c2009 |
||
| 300 |
_axiv,670p _ccm. |
||
| 942 |
_hZ2,255, P9 _cTEXL _2CC |
||
| 999 |
_c1157973 _d1157973 |
||